| 000 | 00455nam a2200181Ia 4500 | ||
|---|---|---|---|
| 001 | 23405 | ||
| 005 | 20260414150935.0 | ||
| 008 | 260414t2008||||xx |||||||||||||| ||spa|| | ||
| 041 | _aESP | ||
| 082 |
_a641.5985 _bA196 |
||
| 100 |
_aAvolio, Beatrice _eAUT |
||
| 245 | 0 |
_aPropuesta para el desarrollo de la gastronomĂa peruana _b |
|
| 260 | _c2008 | ||
| 300 |
_a180 páginas : _c23 cm. |
||
| 650 | _aCIS | ||
| 654 | _aCAN | ||
| 942 |
_cLIB _dJUS _fJUS _2ddc _n |
||
| 999 |
_c23405 _d23405 |
||